| 000 | 02078 a2200229 4500 | ||
|---|---|---|---|
| 001 | 28036 | ||
| 005 | 20260407155552.0 | ||
| 008 | 260407a1954 arg spa d | ||
| 003 | AR-UNSa-BCEJYS | ||
| 040 |
_aAR-UNSa-BCEJYS _bspa _cAR-UNSa-BCEJYS |
||
| 080 |
_a347.73 _xOrganizaciones comerciales. Derecho financiero (títulos de crédito) |
||
| 245 | 1 | 0 |
_aOperaciones de bolsa y de banca _pestudios jurídicos |
| 250 | _a2a. ed. | ||
| 264 | 1 |
_aBarcelona : _bBosch _c1954 |
|
| 300 |
_axx, 472 p. _c25 cm. |
||
| 505 | _a1. El contrato de bolsa al contador – 2. Estructura y disciplina del contrato ´firme´ a plazo – 3. El negocio diferencial impropio – 4. Prólogo a un estudio sobre los contratos de bolsa “a premio “. (a mercado libre) – 5. Notas sobre arbitrajes de bolsa y banca – 6. El reporte sobre cuota de sociedad de responsabilidad limitada – 7. La suerte de los derechos accesorios en el contrato de reporte – 8. El artículo 76 de la ley de quiebras y la resolución del contrato de reporte – 9. Reporte y mutuo contra pignoración de títulos – 10. Reporte y anticipo sobre títulos – 11. Reporte y anticipo sobre títulos – 12. La prórroga del contrato a plazo – 13. Reporte con tradición de títulos y reporte-prórroga – 14. Intervención de tercero en el cumplimiento de un contrato a plazos y reporte-prórroga – 15. El reporte-prórroga y el código civil vigente – 16. Figuras anómalas en el reporte – 17. El comodato bancario – 18. Contenido y caracteres jurídicos de la apertura de crédito – 19. El anticipo sobre valores mobiliarios y mercancías – 20. Anticipación y apertura de crédito, según el código civil vigente – 21. La naturaleza jurídica del contrato de descuento después de la reforma del código civil – 22. Naturaleza jurídica de las operaciones de crédito fundiario – 23. Fiaduría prestada por una sociedad frente a un banco. | ||
| 041 | _aspa | ||
| 942 | _cBK | ||
| 590 | _aniveau_biblio:m niveau_hierar:0 | ||
| 100 | 1 | _aMontella, R. Gay de | |
| 700 | 1 | _aMessineo, Francesco | |
| 999 |
_c1636 _d1636 |
||